01334aam a2200277 i 45000010011000000030010000110050017000210070003000380080041000410200013000820400047000950410008001420820024001501000025001742450047001992640047002462640012002933000027003053360027003323370022003593380028003815050566004095630014009756000042009896500025010317687174001CO-MdFUSB20241015151943.0ta200623t1968 enk |||| |||| 00| 0 eng d a06064334 aCO-MdFUSBbspacCO-MdFUSBdCO-MdFUSBCerda aeng04223a232.09015 bK291 aKelly, J.N.D.eautor10aEarly Christian Doctrines c/ J.N.D. Kelly 1aLondres :bAdam and Charles Black,c[1968] 4c© 1968 a501 páginasc; 22 cm 2rdacontentatextobtxt 2rdamediaaotrobn 2rdacarrieravolumenbnc aProlegómenos. El fondo ; Tradición y Escritura; Las Sagradas Escrituras:la teología pre-nicena. La tríada divina; Trinitarismo del siglo III; Los inicios de la cristología; El hombre y su redención; La comunidad cristiana: de Nicea a Calcedonia. La crisis de Nicea; La doctrina de la Trinidad; Cristología del siglo IV; El asentamiento cristológico; El hombre caído y la gracia de Dios; La obra salvadora de Cristo; Cuerpo místico de Cristo; La doctrina posterior de los sacramentos - Epílogo. La esperanza cristiana; María y los santos. aTapa dura 7aJesucristoxHistoria de las doctrinas 7aTeología doctrinal